Desarrollo e implementación de un sistema de control para la fase I del proceso de acompañamiento educativo en la Dirección de Desarrollo Educativo UNI.
Presenta el desarrollo e implementación de un sistema de control para la fase I del proceso de acompañamiento educativo PAEDUCA, el sistema se diseña mediante el modelo de desarrollo de Software en cascada y la metodología orientada a objetos.
| Main Authors: | , , |
|---|---|
| Other Authors: | |
| Format: | Tesis Section = Libro |
| Language: | Undetermined Spanish |
| Published: |
Managua
UNI
2012
|
| Subjects: |
| LEADER | 01284nam a2200289Ia 4500 | ||
|---|---|---|---|
| 008 | 240830s9999 xx 000 0 und d | ||
| 040 | |a BIBLIOTECA-RUSB/ Mon 005.1 B239 | ||
| 041 | |a spa | ||
| 082 | |a Mon 005.1 B239 | ||
| 100 | 1 | |a Barboza Moran, Alvaro David | |
| 100 | 1 | |b García Herrera, Luis Fernando | |
| 100 | 1 | |c López Zúniga, Maykel Alberto | |
| 245 | 1 | 0 | |a Desarrollo e implementación de un sistema de control para la fase I del proceso de acompañamiento educativo en la Dirección de Desarrollo Educativo UNI. |
| 260 | |a Managua |b UNI |c 2012 | ||
| 300 | |a 162 p. :il. | ||
| 500 | |a Contiene: anexos y manual de usuario. | ||
| 502 | |a Tesis (Ingeniero en Computación) - UNI, 2012. | ||
| 520 | 3 | |a Presenta el desarrollo e implementación de un sistema de control para la fase I del proceso de acompañamiento educativo PAEDUCA, el sistema se diseña mediante el modelo de desarrollo de Software en cascada y la metodología orientada a objetos. | |
| 650 | 7 | |a INGENIERIA DE SOFTWARE - ORIENTADA A OBJETOS | |
| 650 | 7 | |b PROCESO SOFTWARE | |
| 650 | 7 | |c ANÁLISIS Y DISEÑO DE SISTEMAS | |
| 650 | 7 | |d APLICACIONES WEB | |
| 650 | 7 | |e MANUAL DE USUARIO | |
| 700 | 1 | |a Tutor: |b Flores Quintana, Gloria Thalía | |
| 942 | |c BK |2 ddc | ||
| 991 | |a TESIS | ||
| 999 | |c 19665 | ||